00000000nam##2200000za#4500
0019.662324
003CaOODSP
00520210615120506
007ta
008150407|2000||||xxc|||||     f|0| 0 fre|d
020 |a0-662-65348-3
040 |aCaOODSP|bfre
041 |aeng
041 |afre
043 |an-cn---
0861 |aSC94-75/2000
1101 |aCanada.|bCentre canadien de gestion.
24513|aLa modernisation de la gouvernance : |bune première exploration / |cpréparé par Jane Jenson et al.
260 |aOttawa - Ontario : |bCentre canadien de gestion |c2000.
300 |aTexte français, iv, 197p. ; |c28 cm.
500 |aDonnées de catalogage avant publication (Canada) imprimées dans cette publication.
546 |aBilingue
563 |aReliure à anneaux
590 |a02-04|b2002-01-25
7201 |aJenson, Jane
7760#|tLa modernisation de la gouvernance : |w(CaOODSP)9.640017
7760#|tModernizing governance : |w(CaOODSP)9.695897
791 |tModernizing governance : |eeng|w(CaOODSP)9.662323